Statistiques concernant Pays où Baby One More Time de Britney Spears fut un hit

Cliquez ici pour prendre le quiz!

Statistiques générales

  • Ce quiz a été pris 21 fois
  • Le résultat moyen est 19 sur 25

Statistiques - réponses

Position dans les chartsPays% Correct
1Belgique
100%
1Canada
100%
1États Unis
100%
1France
100%
1Royaume Uni
100%
5Japon
95%
1Australie
89%
1Finlande
89%
1Irlande
89%
1Italie
89%
1Suisse
89%
1Allemagne
84%
1Danemark
84%
1Norvège
84%
1Nouvelle Zélande
84%
1Pays Bas
84%
11Islande
79%
1Suede
79%
1Autriche
74%
1Grece
58%
1Hongrie
58%
9Pologne
58%
5Costa Rica
16%
1Salvador
11%
4Honduras
5%

Distribution des résultats

Percentile par nombre de réponses

% des personnes avec chaque résultat

Votre développement - résultats

Vous n’avez pas pris ce quiz